| 000 | 00710nam a22001937a 4500 | ||
|---|---|---|---|
| 003 | 0 | ||
| 005 | 20250310165342.0 | ||
| 008 | 250301b xxu||||| |||| 00| 0 eng d | ||
| 020 | _a978-621-02-1330-0 | ||
| 050 |
_aHF 5635 _b.P33 2021 |
||
| 100 | _aPadios, Kishine | ||
| 245 |
_a The accounting guide for entrepreneurs and employees: _bBookkeeping and BIR tax filing SSS, Pag-ibig Business Registration, BIR tax penalties. _cKishine Padios |
||
| 260 |
_aQuezon City, Philippines _bCentral Book Supply Inc. _c2021 |
||
| 300 |
_av, 82 pages: _bcolored illustration; _c23cm. |
||
| 650 | _aAccounting--Employees. | ||
| 650 | _aBookkeeping--Tax filling. | ||
| 650 | _aAccounting--Philippines. | ||
| 942 |
_2lcc _cBK |
||
| 999 |
_c367267 _d367267 |
||